En el mar austral. /

Guardado en:
Autor Principal: Fray Mocho, Seud
Formato: Libro
Publicado: Argentina : Eudeba, 1960
Series:Del Siglo y Medio, 6
Materias:
Etiquetas: Agregar Etiqueta
Sin Etiquetas, Sea el primero en etiquetar este registro!
LEADER 00532nam a22001935a 4500
001 CEM.cems002614
005 19000101000000.0
008 130507s1960##################000#0#####d
003 CEMS
082 0 4 |a A868.3 
100 1 |a Fray Mocho, Seud 
245 1 0 |a En el mar austral. / 
260 |a Argentina :  |b Eudeba,  |c 1960 
300 |a 205 p. 
490 0 |a Del Siglo y Medio, 6 
653 |a Cuento argentino (1889-1910) 
653 |a Literatura 
653 |a Literatura argentina 
859 |a CEMS  |b BIB. CEMS - 11 de abril  |h A868.3  |i F869  |p 9124.81  |t Ej.1